| 000 | 00531nam a2200169Ia 4500 | ||
|---|---|---|---|
| 008 | 140527s9999 xx 000 0 und d | ||
| 020 | _a9780737756784 | ||
| 050 |
_aTX 531 _b.F56773 2012 |
||
| 245 |
_aFood safety / _cNoel Merino, book editor |
||
| 260 |
_aFarmington Hills, MI : _bGreenhaven Press, _cc2012. |
||
| 300 |
_a138 p. : _bcol. ill. ; _c25 cm. |
||
| 500 | _aIncludes bibliographical references and index. | ||
| 521 | _aBSBA | ||
| 650 |
_aFood _xBiotechnology --Safety measures. |
||
| 942 |
_kFOR _cBK |
||
| 999 |
_c117484 _d117484 |
||